|
|
|
|
| LEADER |
00791nam a2200193Ia 4500 |
| 001 |
CTU_88741 |
| 008 |
210402s9999 xx 000 0 und d |
| 020 |
|
|
|c 54000
|
| 082 |
|
|
|a 428.24
|
| 082 |
|
|
|b Th552
|
| 245 |
|
0 |
|a Thực hành tiếng anh thương mại trong ngành kinh doanh xuất nhập khẩu
|
| 245 |
|
0 |
|c Lê Huy Lâm, Phạm Văn Thuận, Nguyễn Hữu Tài dịch
|
| 260 |
|
|
|a Thành phố Hồ Chí Minh
|
| 260 |
|
|
|b Tổng hợp Thành phố Hồ Chí Minh
|
| 260 |
|
|
|c 2004
|
| 650 |
|
|
|a English language,English language,Listening
|
| 650 |
|
|
|x Spoken english,Problems, exercises, etc,Textbooks for foreign speakers,Problems, exercises, etc
|
| 904 |
|
|
|i Truc,Hải
|
| 980 |
|
|
|a Trung tâm Học liệu Trường Đại học Cần Thơ
|